• 首页
  • 本馆介绍
  • 公告通知
  • 最新文献
  • 馆藏检索
  • 电子资源
  • 读者导购
  • 参考咨询
  • 我的图书馆
  • 登录
  • 详细信息显示
  • 放入我的书架
  • 预约/预借图书
  • 作者相关作品
  • 分类相关作品
  • 丛书相关作品
  • 出版社相关作品

书目信息

  • 表格格式
  • 工作单格式
  • 卡片格式
题名:
当代电视摄影制作教程
    
 
作者: 黄匡宇 著
分册:  
出版信息: 上海   复旦大学出版社  2005
页数: 418页
开本: 23cm
丛书名: 复旦博学
单 册:
中图分类: J931
科图分类:
主题词: 电视摄影--教材 , 电视节目--编辑工作--教材 , 电视摄影 , 电视节目
电子资源:
ISBN: 7-309-04546-7
000 01015oam2 2200301 450
001 012007872163
005 20070515151138.84
010    @a7-309-04546-7@dCNY39.00
100    @a20070427d2005 km y0chiy0120 ea
101 0  @achi
102    @aCN@b310000
105    @aa z 000yy
106    @ar
200 1  @a当代电视摄影制作教程@Adang dai dian shi she ying zhi zuo jiao cheng@f黄匡宇著@Fhuang kuang yu zhu
210    @a上海@c复旦大学出版社@d2005
215    @a418页@c图@d23cm
225 2  @a复旦博学@i当代广播电视教程@e新世纪版
300    @a当代广播电视教程
330    @a本书采取了“大摄影”——摄影、电影、电视——思维一体化的文化观念,对电视摄影诸要素——画面、镜头、声音、文字的运用作了深入细致的解析,对节目制作及编排也择要阐释。
462  1 @12001 @a当代广播电视教程
606 0  @a电视摄影@j教材
606 0  @a电视节目@x编辑工作@j教材
606 0  @a电视摄影
606 0  @a电视节目
690    @aJ931@v4
701  0 @a黄匡宇@Ahuang kuang yu@4著
801  0 @aCN@bRULIN@c20070515
905    @dJ931@e192@s5
    
    当代电视摄影制作教程/黄匡宇著.-上海:复旦大学出版社,2005
    418页:图;23cm.-(复旦博学.当代广播电视教程:新世纪版)
    当代广播电视教程
    
    ISBN 7-309-04546-7:CNY39.00
    本书采取了“大摄影”——摄影、电影、电视——思维一体化的文化观念,对电视摄影诸要素——画面、镜头、声音、文字的运用作了深入细致的解析,对节目制作及编排也择要阐释。
●
相关链接 在E读中查询图书 在五车中查询图书 在当当中查询图书 在豆瓣中查询图书


正题名:当代电视摄影制作教程     索取号:J931/192         预约/预借

序号 登录号 条形码 馆藏地/架位号 状态 备注
1 0573392   205733928   第一样本阅览室/ [索取号:J931/192] 在馆    
2 0573393   205733937   第一借阅区/ [索取号:J931/192] 在馆    
3 0573394   205733946   第一借阅区/ [索取号:J931/192] 在馆    
4 0573395   205733955   第一借阅区/ [索取号:J931/192] 在馆    
5 0573396   205733964   第一借阅区/ [索取号:J931/192] 在馆    
唐山师范学院图书馆 欢迎您!
大连网信软件有限公司© 版权所有